000 01305nam a22003017a 4500
001 05113
003 HDC
007 cr bn ---aaaaa
008 210119b20122012xxu||||| |||| 00| 0 eng d
020 _a9781439850237
040 _aHDC
245 0 _aHandbook of Animal-Based Fermented Food and Beverage Technology:
_bChapter 3, Microorganisms and Food Fermentation
_c/ Giorgio Giraffa and Domenico Carminati
250 _aSecond edition
260 _aUnited States:
_bCRC Press (Taylor & Francis),
_c2012
300 _a1 online resource (12 pages)
336 _atext
_2rdacontent
337 _acomputer
_2rdamedia
338 _aonline resource
_2rdacarrier
500 _aOriginally published: Handbook of Animal-Based Fermented Food and Beverage Technology (xvi, 798 pages: illustrations)
_aIncludes bibliographical references
650 _aBeverages
_xMicrobiology
_vHandbooks, manuals, etc.
_95354
650 _aFermented foods
_vHandbooks, manuals, etc.
_95353
700 _aCarminati, Domenico
_econtributor
_95360
700 _aGiraffa, Giorgio
_econtributor
_95359
856 _zRequest full-text at [email protected]
942 _2lcc
942 _cCHAP
942 _kEBCH 004059
999 _c2437
_d2437